Vplyv zdanenia, odvodového zaťaženia a realizácie transferov na mieru chudoby a dôchodkovej nerovnosti
Dôchodková nerovnosť a chudoba domácností, z pohľadu vybraných faktorov, ktoré ich priamo i nepriamo ovyplvňujú – zdaňovanie, odvodové zaťaženie a sociálne transfery.
Enregistré dans:
| Auteur principal: | |
|---|---|
| Autres auteurs: | |
| Format: | Chapitre de livre |
| Langue: | slovaque |
| Sujets: | |
| Tags: |
Pas de tags, Soyez le premier à ajouter un tag!
|
MARC
| LEADER | 00000naa a2200000 4500 | ||
|---|---|---|---|
| 001 | 0249946 | ||
| 005 | 20240717114143.3 | ||
| 041 | 0 | |a slo | |
| 044 | |a SK | ||
| 245 | 1 | 0 | |a Vplyv zdanenia, odvodového zaťaženia a realizácie transferov na mieru chudoby a dôchodkovej nerovnosti |c Erika Neubauerová, Michaela Tomčíková |
| 520 | |a Dôchodková nerovnosť a chudoba domácností, z pohľadu vybraných faktorov, ktoré ich priamo i nepriamo ovyplvňujú – zdaňovanie, odvodové zaťaženie a sociálne transfery. | ||
| 610 | 2 | 0 | |a zaťaženie daňové |
| 610 | 2 | 0 | |a odvody |
| 610 | 2 | 0 | |a chudoba |
| 610 | 2 | 0 | |a politika fiškálna |
| 610 | 2 | 0 | |a dôchodky |
| 610 | 2 | 0 | |a nerovnosť dôchodková |
| 610 | 2 | 0 | |a nerovnosť príjmová |
| 610 | 2 | 0 | |a krajiny vyspelé |
| 100 | 1 | |a Neubauerová, Erika, 1968- | |
| 700 | 1 | |a Tomčiková, Michaela | |